000 00477nam a2200145 i 4500
001 29842
003 ES-MaACL
007 t|
008 030123s1961 sp ||||1| spa d
100 1 _aBasas, Manuel.
_926251
245 1 3 _aEl Lloyds bilbaíno hace un siglo
_b: historia del puerto y del tráfico marítimo de Bilbao en 1861 /
_cManuel Basas.
260 _aBilbao :
_bEditorial Vizcaína,
_c1961.
300 _a114 p., 2 lám. ;
_c24 cm.
852 _aES-MaACL
_jB-8740
_bR.50599
999 _c29842
_d29842